Phụ nữ Thăng Long - Hà Nội

Cung cấp hình dung tương đối toàn vẹn về vị thế của phụ nữ Thăng Long - Hà Nội qua các thời kỳ, vai trò của phụ nữ Thăng Long - Hà Nội trên các lĩnh vực từ văn hoá, xã hội đến đấu tranh chống giặc ngoại xâm và phát huy vai trò của phụ nư...

সম্পূর্ণ বিবরণ

সংরক্ষণ করুন:
গ্রন্থ-পঞ্জীর বিবরন
বিন্যাস: গ্রন্থ
ভাষা:Undetermined
প্রকাশিত: Hà Nội Nxb. Hà Nội 2019
বিষয়গুলি:
ট্যাগগুলো: ট্যাগ যুক্ত করুন
কোনো ট্যাগ নেই, প্রথমজন হিসাবে ট্যাগ করুন!
Thư viện lưu trữ: Trung tâm Học liệu Trường Đại học Cần Thơ
LEADER 00964nam a2200193Ia 4500
001 CTU_239888
008 210402s9999 xx 000 0 und d
082 |a 305.4209597 
082 |b Ph500 
245 0 |a Phụ nữ Thăng Long - Hà Nội 
245 0 |c Nguyễn Ngọc Mai (Biên soạn) 
260 |a Hà Nội 
260 |b Nxb. Hà Nội 
260 |c 2019 
520 |a Cung cấp hình dung tương đối toàn vẹn về vị thế của phụ nữ Thăng Long - Hà Nội qua các thời kỳ, vai trò của phụ nữ Thăng Long - Hà Nội trên các lĩnh vực từ văn hoá, xã hội đến đấu tranh chống giặc ngoại xâm và phát huy vai trò của phụ nữ Thăng Long - Hà Nội trong giai đoạn mới 
650 |a Phụ nữ,Women 
650 |z Việt Nam,Vietnam 
910 |b nthai 
980 |a Trung tâm Học liệu Trường Đại học Cần Thơ